Взрывоимпульсное разрушение горных пород / (Record no. 390016)
[ view plain ]
| 000 -LEADER | |
|---|---|
| fixed length control field | 01090nam-a2200241-a-4500 |
| 001 - CONTROL NUMBER | |
| control field | 000068774 |
| 003 - CONTROL NUMBER IDENTIFIER | |
| control field | AM-YeHGA |
| 005 - DATE AND TIME OF LATEST TRANSACTION | |
| control field | 20250617153402.0 |
| 008 - FIXED-LENGTH DATA ELEMENTS--GENERAL INFORMATION | |
| fixed length control field | 950720s1979 xxu 000 0 ||| u |
| 040 ## - CATALOGING SOURCE | |
| Original cataloging agency | AM-YeHGA |
| 041 0# - LANGUAGE CODE | |
| Language code of text/sound track or separate title | rus |
| 090 ## - LOCALLY ASSIGNED LC-TYPE CALL NUMBER (OCLC); LOCAL CALL NUMBER (RLIN) | |
| -- | 392020 |
| 245 00 - TITLE STATEMENT | |
| Title | Взрывоимпульсное разрушение горных пород / |
| Statement of responsibility, etc. | [А.В. Докукин, Ю.Д. Красников, А.А. Шубин и др.] ; Отв. ред. А.В. Докукин; Ин-т горн. дела им. А.А. Скочинского. |
| 260 ## - PUBLICATION, DISTRIBUTION, ETC. | |
| Place of publication, distribution, etc. | Москва : |
| Name of publisher, distributor, etc. | Наука, |
| Date of publication, distribution, etc. | 1979. |
| 300 ## - PHYSICAL DESCRIPTION | |
| Extent | 211 с., 1 л. схем. : |
| Other physical details | ил. ; |
| Dimensions | 21 см. |
| 500 ## - GENERAL NOTE | |
| General note | Авт. указаны на обороте тит. л. |
| 504 ## - BIBLIOGRAPHY, ETC. NOTE | |
| Bibliography, etc. note | Библиогр.: с. 207-208 |
| 653 0# - INDEX TERM--UNCONTROLLED | |
| Uncontrolled term | Горные машины, взрывоимпульсные |
| 700 1# - ADDED ENTRY--PERSONAL NAME | |
| Personal name | Докукин, Александр Викторович |
| Relator term | авт. |
| Relationship | aut |
| Relator term | ред. |
| Relationship | edt |
| 700 1# - ADDED ENTRY--PERSONAL NAME | |
| Personal name | Шубин, А.А. |
| 710 2# - ADDED ENTRY--CORPORATE NAME | |
| Corporate name or jurisdiction name as entry element | Институт горного дела им. А.А. Скочинского |
| 942 ## - ADDED ENTRY ELEMENTS (KOHA) | |
| Source of classification or shelving scheme | Universal Decimal Classification |
| Koha item type | Գրքեր / Books |
| Withdrawn status | Lost status | Source of classification or shelving scheme | Damaged status | Not for loan | Collection | Home library | Current library | Date acquired | Total checkouts | Full call number | Barcode | Date last seen | Price effective from | Koha item type | Public note |
|---|---|---|---|---|---|---|---|---|---|---|---|---|---|---|---|
| Universal Decimal Classification | General | Fundamental Scientific Library | Fundamental Scientific Library | 01/09/2017 | PII/440040 | FL0454855 | 01/09/2017 | 01/09/2017 | Գրքեր / Books | 30 Days Loan |
ՀՀ Գիտությունների ազգային ակադեմիայի հիմնարար գիտական գրադարան = Fundamental Scientific Library of NAS RA
All site content, except where otherwise noted, is licensed under a